| 000 -LEADER |
| fixed length control field |
01094nam a22002417a 4500 |
| 003 - CONTROL NUMBER IDENTIFIER |
| control field |
OSt |
| 005 - DATE AND TIME OF LATEST TRANSACTION |
| control field |
20241003111717.0 |
| 008 - FIXED-LENGTH DATA ELEMENTS--GENERAL INFORMATION |
| fixed length control field |
241003b ||||| |||| 00| 0 eng d |
| 020 ## - INTERNATIONAL STANDARD BOOK NUMBER |
| International Standard Book Number |
9780241396957 |
| 040 ## - CATALOGING SOURCE |
| Transcribing agency |
KH8 |
| 082 ## - DEWEY DECIMAL CLASSIFICATION NUMBER |
| Classification number |
FIC KIN |
| 100 ## - MAIN ENTRY--PERSONAL NAME |
| Personal name |
Kinney, Jeff, |
| Relator term |
author. |
| -- |
illustrator. |
| 245 ## - TITLE STATEMENT |
| Title |
Diary of a Wimpy Kid : |
| Remainder of title |
The Deep End / |
| Statement of responsibility, etc. |
Jeff Kinney. |
| 260 ## - PUBLICATION, DISTRIBUTION, ETC. |
| Place of publication, distribution, etc. |
London; |
| Name of publisher, distributor, etc. |
Puffin, |
| Date of publication, distribution, etc. |
2022. |
| 300 ## - PHYSICAL DESCRIPTION |
| Extent |
217 pages: |
| Other physical details |
illustration; |
| Dimensions |
20cm. |
| 440 ## - SERIES STATEMENT/ADDED ENTRY--TITLE |
| Title |
Diary of a Wimpy Kid |
| Number of part/section of a work |
15 |
| 520 ## - SUMMARY, ETC. |
| Summary, etc. |
When Greg Heffley and his family hit the road for a cross-country camping trip, they're ready for the adventure of a lifetime. But their plans hit a major snag, and they find themselves stranded at a campsite that's not exactly a summertime paradise. Things only get worse for the Heffley's when the skies open up and the water starts to rise, making them wonder if they can save their vacation -- or if they're already in too deep. |
| 650 ## - SUBJECT ADDED ENTRY--TOPICAL TERM |
| Topical term or geographic name entry element |
Camping Juvenile fiction |
| 650 ## - SUBJECT ADDED ENTRY--TOPICAL TERM |
| Topical term or geographic name entry element |
Children's stories |
| 650 ## - SUBJECT ADDED ENTRY--TOPICAL TERM |
| Topical term or geographic name entry element |
Diary fiction |
| 830 ## - SERIES ADDED ENTRY--UNIFORM TITLE |
| Uniform title |
Diary of a wimpy kid |
| 942 ## - ADDED ENTRY ELEMENTS (KOHA) |
| Source of classification or shelving scheme |
|
| Koha item type |
Books - Fiction |